| 000 | 00954nam a22002775a 4500 | ||
|---|---|---|---|
| 999 |
_c25884 _d25856 |
||
| 003 | EG-ScBUE | ||
| 005 | 20210322124323.0 | ||
| 008 | 180108n199u ua f 000 0 eng d | ||
| 040 |
_aEG-ScBUE _beng _erda _cEG-ScBUE _dEG-ScBUE |
||
| 082 | 0 | 4 |
_a820.9 _bENG _222 |
| 245 | 0 | 0 | _aEnglish critical theories. |
| 264 | 1 |
_a[Cairo] : _bThe Anglo-Egyptian Bookshop. _c[199-] |
|
| 300 |
_a1 volume ; _c18 cm |
||
| 336 |
_2rdacontent _atext _btxt |
||
| 337 |
_2rdamedia _aunmediated _bn |
||
| 338 |
_2rdacarrier _avolume _bnc |
||
| 505 | 0 | _aVolume 2. from Milton to Coleridge. | |
| 600 | 1 | 7 |
_aMilton, John, _d1608-1674 _xCriticism and interpretation. _2BUEsh |
| 600 | 1 | 7 |
_a Coleridge, Samuel Taylor, _d1772-1834 _xCriticism and interpretation. _2BUEsh |
| 650 | 7 |
_aCritical thinking. _2BUEsh |
|
| 650 | 7 |
_a English literature _xHistory and criticism. _2BUEsh |
|
| 651 | _2BUEsh | ||
| 653 |
_bHHUUEENN _cJanuary2018 |
||
| 655 |
_vReading book _934232 |
||
| 942 |
_2ddc _cBB |
||